Statistics for Maisie Peters - Talking To Strangers

Click here to take the quiz!

General Stats

  • This quiz has been taken 16 times
  • The average score is 192 of 232

Answer Stats

Answer% Correct
a
100%
He
100%
I
100%
No,
100%
strangers
100%
talk
100%
Talking
100%
to
100%
Who
100%
you
100%
about
88%
and
88%
And
88%
birthday
88%
can’t
88%
‘Cause
88%
every
88%
for
88%
In
88%
in
88%
know
88%
Knows
88%
knows
88%
man
88%
shop
88%
stop,
88%
that
88%
The
88%
the
88%
there
88%
There’s
88%
week
88%
Worked
88%
years
88%
your
88%
you’re
88%
Aside
75%
‘bout
75%
bus
75%
But
75%
car
75%
card
75%
do
75%
even
75%
everyone
75%
Haven’t
75%
if
75%
it
75%
just
75%
keeps
75%
like
75%
missed
75%
news,
75%
not
75%
Oh,
75%
on
75%
one
75%
room
75%
since
75%
sixteen
75%
superstitious
75%
Tell
75%
that’s
75%
this
75%
wanted
75%
way
75%
weird
75%
were
75%
whole
75%
wide
75%
world
75%
catch
63%
flying
63%
get
63%
girl
63%
hate
63%
Hawaii
63%
how
63%
I’d
63%
myself
63%
scratch
63%
sees
63%
So
63%
sometimes
63%
swim
63%
They
63%
What
63%
bar,
50%
change
50%
doing
50%
Don’t
50%
guy
50%
knew,
50%
laps
50%
learnt
50%
of
50%
plane
50%
pool
50%
subject
50%
try
50%
Babe,
38%
clue
38%
half
38%
I’m
38%
telling
38%
these
38%

Score Distribution

Percentile by Number Answered

Percent of People with Each Score

Your Score History

You have not taken this quiz